Pays plus petits que la France - Mort subite - Statistiques

Statistiques générales
  • Ce quiz a été pris 261 fois
  • Le résultat moyen est 4 sur 14
Answers on the Grid
Answers color-coded by a green-red scale on the quiz's grid according to % correct below.
Soudan du Sud
Afghanistan
Somalie
République centrafricaine
Ukraine
Kenya
Madagascar
Botswana
Yémen
Thaïlande
Birmanie
Zambie
Chili
Turquie
Pakistan
Egypte
Tanzanie
Colombie
Bolivie
Niger
Paraguay
Japon
Allemagne
Finlande
 
Statistiques - réponses
Réponse % Correct
Japon
42%
Yémen
38%
Paraguay
36%
Madagascar
34%
Allemagne
30%
Finlande
29%
Soudan du Sud
28%
Kenya
22%
Somalie
20%
République centrafricaine
19%
Ukraine
19%
Botswana
18%
Thaïlande
18%
Afghanistan
8%
Aucun quiz correspondant
Distribution des résultats
% des personnes avec chaque résultat
Percentile par nombre de réponses
Votre historique - résultats
Vous n’avez pas pris ce quiz